000 003480000a22001450004500
003 MACL
040 _aMACL
090 _c31285
_d31284
100 _aSingh, Major Mehar
245 _aIndian Navy Direct Entry Diploma Holders Exam
260 _bBright Careers Institute
_c2003
350 _a70
650 _aNaval Forces
942 _cBOOK
_k359.095/SIN
999 _c30971
_d30971